| 000 | 01187nam a22003257a 4500 | ||
|---|---|---|---|
| 003 | CHAP | ||
| 005 | 20220329143142.0 | ||
| 008 | 060821d2006 mx bd rs o00110 spa d | ||
| 010 | _a92558 | ||
| 011 | _a93530 | ||
| 035 | _a104106 | ||
| 040 | _cCHAP | ||
| 082 | 0 | 4 |
_a305.4 _bI5 2006 |
| 110 | 2 |
_aInstituto Nacional de Estadística, Geografía e Informática. México _959304 |
|
| 245 | 1 | 0 |
_aMujeres y hombres en México 2006 _c/por Instituto Nacional de Estadística, Geografía e Informática |
| 250 | _a10 ed. | ||
| 260 |
_aAguascalientes, Ags. : _bInstituto Nacional de Estadística, Geografía e Informática, _c2006 |
||
| 300 |
_a686 p. : _bgráfs. ; mapas ; cuadros |
||
| 590 |
_aBATCH-UPD _b10 _c20130110 _lUCH01 _h1211 |
||
| 590 |
_aBATCH-UPD _b10 _c20130410 _lUCH01 _h0749 |
||
| 590 |
_aBATCH-UPD _b10 _c20130914 _lUCH01 _h1308 |
||
| 590 |
_aCONVERSION _b10 _c20130109 _lUCH01 _h1351 |
||
| 650 | 1 | 4 |
_aEnfoque de género. _936945 |
| 650 | 1 | 4 |
_aHombre _xEstadísticas. _956038 |
| 650 | 1 | 4 |
_aMujer _xEstadísticas. _979322 |
| 901 | _aBK | ||
| 905 | _aMarco A. Mendoza T. | ||
| 942 | _cLIBRO | ||
| 949 |
_a305.4 I5 2006 _bBC _cINEGI _d33724000998688 _eINEGI _gDonaciØn _h107730 _i104106 _sb |
||
| 999 |
_c92558 _d92558 |
||